Studien zu Literatur, Sprache und Geschichte in Europa
| Titel: | Studien zu Literatur, Sprache und Geschichte in Europa : Wolfgang Haubrichs zum 65. Geburtstag gewidmet / Albrecht Greule ... (Hrsg.) |
|---|---|
| Beteiligt: | |
| Festschrift für: | |
| Veröffentlicht: | St. Ingbert : Röhrig, 2008 |
| Umfang: | 805 Seiten : Illustrationen, Diagramme, Karten |
| Format: | Buch |
| Sprache: | Deutsch |
| RVK-Notation: | |
| ISBN: | 9783861104360 |
| Hinweise zum Inhalt: |
Inhaltsverzeichnis
Inhaltstext Klappentext |
alg: 19082304 001A $00030:09-10-07 001B $01999:27-07-24 $t15:12:43.000 001D $00026:23-01-08 001U $0utf8 001X $00 002@ $0Aau 002C $aText $btxt $2rdacontent 002D $aohne Hilfsmittel zu benutzen $bn $2rdamedia 002E $aBand $bnc $2rdacarrier 003@ $0190823046 003O $0212738880 $aOCoLC 004A $A978-3-86110-436-0 004K $09783861104360 006G $0986750700 006T $008,N02,1321 006U $008,A49,0866 $f20071210 007A $0190823046 $aHEB 007G $0DE004FA793047E02E3DF6C125755B004D530F 007T $0Herdc0062820m 009P $qapplication/pdf $A2 $3Inhaltsverzeichnis $uhttp://scans.hebis.de/HEBCGI/show.pl?19082304_toc.pdf $mV:DE-603;B:DE-17 009P $qtext/html $A2 $3Inhaltstext $uhttp://deposit.dnb.de/cgi-bin/dokserv?id=3039846&prov=M&dok_var=1&dok_ext=htm $mB:DE-101 009P $qapplication/pdf $A2 $3Klappentext $uhttp://scans.hebis.de/HEBCGI/show.pl?19082304_kla.pdf $mV:DE-604 010@ $ager 011@ $a2008 013D $RVeröffentlichung $#Festschrift $#Gedächtnisschrift Festschrift $#Gedenkschrift $#Festschriften $74016928-5 $8Festschrift [Ts1] $9085039632 013D $#Beiträge Formschlagwort $#Einzelbeiträge $#Sammelwerk Formschlagwort $74143413-4 $8Aufsatzsammlung [Ts1] $9085562742 013D $RVerzeichnis $RInformationsmittel $RKatalog $RLiteraturbericht $RNeuerwerbungsliste $RBibliograf $RBibliografin $#Bibliography $#Bibliographie $#Bibliography, Critical $#Bibliographie critique $#Bibliographie $#Abstract Formschlagwort $#Bücherverzeichnis $#Literaturdokumentation Formschlagwort $#Literaturverzeichnis $#Publikationen Formschlagwort $#Repertorium Bibliografie $#Werke Formschlagwort $#Bibliografien $#Bibliographien $74006432-3 $8Bibliografie [Ts1] $9085009210 021A $aStudien zu Literatur, Sprache und Geschichte in Europa $dWolfgang Haubrichs zum 65. Geburtstag gewidmet $hAlbrecht Greule ... (Hrsg.) 028C $BHerausgeber $4edt $7120905914 $8Greule, Albrecht$Z1942- [Tp3] $9152406034 028C $BGefeierter $#Haubrichs, W. $4hnr $7107050161 $8Haubrichs, Wolfgang$Z1942- [Tp1] $9141988878 033A $pSt. Ingbert $nRöhrig 034D $a805 Seiten 034M $aIllustrationen, Diagramme, Karten 037A $aLiteraturangaben 037A $aBibliografie W. Haubrichs S. 777-805 044K $qDNB $#Abendland $#Okzident $74015701-5 $8Europa [Tgz] $908503617X 044K $qDNB $#Language and languages $#Langage et langues $#Sprachen $74056449-6 $8Sprache [Ts1] $9085157090 044K $qDNB $RDeutsch $RAltgermanische Sprachen $#German language Old High German, 750-1050 $#Allemand (langue) 750-1050 (vieux haut-allemand) $#Lengua alemana S.VIII-XI $#Althochdeutsche Sprache $74001523-3 $8Althochdeutsch [Ts1] $9084995025 044K $qDNB $RBuch $RSchriftsteller $#Literature $#Littérature $#Letteratura $#Literatura $#literature $#Literature $#Literatur $#Literatur $#Belletristik $#Dichtung Literatur $#Schöne Literatur $#Sprachkunst $#Wortkunst $74035964-5 $8Literatur [Tsz] $9085097128 044K $qDNB $RDeutsch $#German language Middle High German, 1050-1500 $#Allemand (langue) 1050-1350 (moyen haut-allemand) $#Lengua alemana S.XI-XV $#Mittelhochdeutsche Sprache $74039687-3 $8Mittelhochdeutsch [Ts1] $9085108502 044K $qDNB $#Haubrichs, W. $7107050161 $8Haubrichs, Wolfgang$Z1942- [Tp1] $9141988878 044K $RGeschichtsphilosophie $RVergangenheit $#History $#Histoire $#Storia $#history $#History $#Geschichte $#Landesgeschichte $#Regionalgeschichte $#Ortsgeschichte $#Zeitgeschichte $74020517-4 $8Geschichte [Tsz] $9085049352 044N $aLiteratur, slawische Sprache, Mittelalter, Kulturgeschichte, Vorgeschichte 045B $a400 $ALoC $eDDCoclc 045E $c400 $c830 045F $a409.4 $eDDC22ger 045F/01 $a409 045F/03 $g4 045G $a830.9001 $eDDC22ger 045G/01 $a830 045H $a830.9002 $eDDC22ger 045I $a830 $eDDC22ger 045I/01 $a830 045R $aGeschichte 500-1500 045V $805.04.00$jStudien [Tkx] $9118843400 045Z $8GB 1825 [Tkv] $9408289104 lok: 19082304 3 101B $018-02-09 $t16:47:15.000 101C $011-02-08 101U $0utf8 145S/06 $a720 145S/07 $a711 exp: 19082304 3 1 #EPN 201B/01 $011-02-08 $t08:00:01.000 201C/01 $009-10-07 201U/01 $0utf8 203@/01 $0509220517 208@/01 $a11-02-08 $bzAa 209A/01 $a13.556.80 $du $f000 $h13 556 80 $x00 209G/01 $a13556806 $x00 247C/01 $8601000-3 <30>Frankfurt, Universitätsbibliothek J. C. Senckenberg, Zentralbibliothek (ZB) $9102598258 lok: 19082304 8 exp: 19082304 8 1 #EPN 201B/01 $007-11-12 $t19:56:19.000 201C/01 $015-12-08 201U/01 $0utf8 203@/01 $0564861790 208@/01 $a09-02-09 $bz 209A/01 $a/GB 1825 H368 $du $f000 $x00 209G/01 $a17211803 $x00 209G/01 $a3. Obergeschoss $x01 247C/01 $8611000-9 <17>Darmstadt, TU Darmstadt, Universitäts- und Landesbibliothek - Stadtmitte $9102595879 lok: 19082304 11 exp: 19082304 11 1 #EPN 201B/01 $021-02-13 $t07:20:16.000 201C/01 $012-04-11 201U/01 $0utf8 203@/01 $0616205082 208@/01 $a03-05-11 $bz 209A/01 $a60 11 A 2046 $du $f100 $x00 209B/01 $a015/1105 $x05 209C/01 $a22-11-233 209G/01 $a83030097 $x00 247C/01 $8620100-3 <43>Wiesbaden, Hochschul- und Landesbibliothek RheinMain, Rheinstraße $9102599572 lok: 19082304 23 exp: 19082304 23 1 #EPN 201B/01 $018-02-08 $t14:08:00.000 201C/01 $019-10-07 201U/01 $0utf8 203@/01 $050961325X 208@/01 $a18-02-08 $bz 209A/01 $a25 Ger AM 0198 $du $f022 $hGER AM 0198 $x00 209G/01 $a24861155 $x00 247C/01 $8352022-5 <34/22>Kassel, UB Kassel, Standort Holländischer Platz $9102599432 lok: 19082304 25 exp: 19082304 25 1 #EPN 201B/01 $031-01-23 $t14:41:39.000 201C/01 $031-03-08 201U/01 $0utf8 203@/01 $054170401X 208@/01 $a27-05-08 $bzic 209A/01 $a09 D - H 214 $dd $f070 $h09 D H 214 $x00 209C/01 $a08/416-1 Germanistik 209G/01 $a76373321 $x00 209G/01 $aGermanistik $x01 247C/01 $8651070-x <77/070>Mainz, Universität Mainz, Bereichsbibliothek Philosophicum, Standorte Germanistik I / Kulturanthropologie und Germanistik II $9102600198 lok: 19082304 62 exp: 19082304 62 1 #EPN 201B/01 $018-04-08 $t21:11:41.000 203@/01 $0542682346 208@/01 $a18-04-08 $be 209A/01 $a/ $f000 $x00 209B/01 $a2008 $x05 247C/01 $8Frankfurt, Bibliographie der Deutschen Sprach- und Literaturwissenschaft $9113214561 201U/01 $0utf8 lok: 19082304 78 exp: 19082304 78 1 #EPN 201B/01 $029-06-18 $t22:48:10.000 201U/01 $0utf8 203@/01 $0791926710 208@/01 $a12-11-16 $be 209A/01 $a/ $f000 $x00 220C/01 $aTitelaufnehmer: nk;tn 220C/01 $aHerkunft: HI Marburg 244Z/01 $#Abendland $#Okzident $74015701-5 $8--Tgz--Europa $x01 $908503617X 244Z/01 $aGeschichte 500-1500 $x02 244Z/01 $2Trx $8--Trx--Haubrichs, Wolfgang$Z1942- $x03 $939104432X 244Z/01 $2Trx $#keel, saksa $#kalba, vokiečių $#Language, German $#nyelv, német $#język niemiecki $#jazyk nemecký $#jazyk německý $8--Trx--Sprache, deutsche $x04 $9391359223 244Z/01 $2Trx $#kirjandus üldine $#literatūra bendras $#literature general $#irodalom, általános $#literatura ogólnie $#literatúra všeobecne $#literatura všeobecně $#życie literackie $8--Trx--Literatur$gallgemein $x05 $9391365320 244Z/01 $2Trx $#dzieło zbiorowe $8--Trx--Sammelwerk $x06 $9391384597 245Z/01 $a01.03 $x01 247C/01 $82080>Marburg/Lahn, Herder-Institut, Forschungsbibliothek, Bibliographieportal $9336309341 lok: 19082304 204 exp: 19082304 204 1 #EPN 201B/01 $019-05-25 $t18:29:45.000 201C/01 $015-10-07 201U/01 $0utf8 203@/01 $0509362982 208@/01 $a23-01-08 $bzp09 209A/01 $aFH Germ S 2 / 35.025 $du $f000 $hfh germ S 2 35 025 $x00 209A/01 $a000 GB 1825 H368 $du $f000 $x07 209C/01 $a83810343 $h090 83810343 209G/01 $a83810343 $x00 247C/01 $8631000-x <26>Gießen, Universität Gießen, Universitätsbibliothek Gießen $9102596697 lok: 19082304 205 exp: 19082304 205 1 #EPN 201B/01 $023-04-08 $t07:43:00.000 201C/01 $028-03-08 201U/01 $0utf8 203@/01 $0541641999 208@/01 $a16-04-08 $bz 209A/01 $aD 2008/0612 $du $f000 $x00 209C/01 $anel0804d 209G/01 $a51068181 $x00 247C/01 $8351000-1 <4>Marburg, Universität Marburg, Universitätsbibliothek $9102594767 exp: 19082304 205 2 #EPN 201B/02 $014-01-20 $t11:25:44.000 201C/02 $011-10-07 201U/02 $0utf8 203@/02 $0509292321 208@/02 $a30-06-14 $bz 209A/02 $a706 ER 200 H368 $db $f424 $x00 209C/02 $a18 2008/0105 209G/02 $a55441723 $x00 247C/02 $8351424-9 <4/424>Marburg, Universität Marburg, Forschungszentrum Deutscher Sprachatlas, Bibliothek $9102595526
| LEADER | 00000cam a2200000 c 4500 | ||
|---|---|---|---|
| 001 | 190823046 | ||
| 003 | DE-603 | ||
| 005 | 20240727151243.0 | ||
| 007 | tu | ||
| 008 | 071009s2008 xx |||| | u01||u|ger | ||
| 015 | |a 08,A49,0866 |z 08,N02,1321 |2 dnb | ||
| 016 | 7 | |2 DE-101 |a 986750700 | |
| 020 | |a 9783861104360 | ||
| 024 | 3 | |a 9783861104360 | |
| 035 | |a (DE-599)HEB190823046 | ||
| 035 | |a (OCoLC)212738880 | ||
| 040 | |a DE-603 |b ger |c DE-603 |d DE-603 | ||
| 041 | |a ger | ||
| 082 | 0 | 4 | |8 1\u |a 409.4 |q DE-101 |2 22/ger |
| 083 | 0 | |8 2\u |a 830.9001 |q DE-101 |2 22/ger | |
| 083 | 0 | |8 3\u |a 830.9002 |q DE-101 |2 22/ger | |
| 083 | 0 | |8 4\u |a 830 |q DE-101 |2 22/ger | |
| 083 | 7 | |8 5\p |a 400 |2 oc/lc | |
| 084 | |a 400 |a 830 |q DE-101 |2 sdnb | ||
| 084 | |a GB 1825 |0 (DE-625)38076: |0 (DE-603)408289104 |2 rvk | ||
| 085 | |8 1\u |b 409 | ||
| 085 | |8 1\u |z 2 |s 4 | ||
| 085 | |8 2\u |b 830 | ||
| 085 | |8 4\u |b 830 | ||
| 245 | 0 | 0 | |a Studien zu Literatur, Sprache und Geschichte in Europa |b Wolfgang Haubrichs zum 65. Geburtstag gewidmet |c Albrecht Greule ... (Hrsg.) |
| 264 | 1 | |a St. Ingbert |b Röhrig |c 2008 | |
| 300 | |a 805 Seiten |b Illustrationen, Diagramme, Karten | ||
| 336 | |a Text |b txt |2 rdacontent | ||
| 337 | |a ohne Hilfsmittel zu benutzen |b n |2 rdamedia | ||
| 338 | |a Band |b nc |2 rdacarrier | ||
| 500 | |a Literaturangaben | ||
| 500 | |a Bibliografie W. Haubrichs S. 777-805 | ||
| 600 | 1 | 7 | |a Haubrichs, Wolfgang |d 1942- |0 (DE-588)107050161 |0 (DE-603)141988878 |2 gnd |
| 648 | 7 | |a Geschichte 500-1500 |2 gnd | |
| 650 | 7 | |a Sprache |0 (DE-588)4056449-6 |0 (DE-603)085157090 |2 gnd | |
| 650 | 7 | |a Althochdeutsch |0 (DE-588)4001523-3 |0 (DE-603)084995025 |2 gnd | |
| 650 | 7 | |a Literatur |0 (DE-588)4035964-5 |0 (DE-603)085097128 |2 gnd | |
| 650 | 7 | |a Mittelhochdeutsch |0 (DE-588)4039687-3 |0 (DE-603)085108502 |2 gnd | |
| 650 | 7 | |a Geschichte |0 (DE-588)4020517-4 |0 (DE-603)085049352 |2 gnd | |
| 651 | 7 | |a Europa |0 (DE-588)4015701-5 |0 (DE-603)08503617X |2 gnd | |
| 655 | 7 | |a Festschrift |2 gnd-content |0 (DE-588)4016928-5 |0 (DE-603)085039632 | |
| 655 | 7 | |a Aufsatzsammlung |2 gnd-content |0 (DE-588)4143413-4 |0 (DE-603)085562742 | |
| 655 | 7 | |a Bibliografie |2 gnd-content |0 (DE-588)4006432-3 |0 (DE-603)085009210 | |
| 700 | 1 | |a Greule, Albrecht |d 1942- |e Herausgeber |4 edt |0 (DE-603)152406034 |0 (DE-588)120905914 |2 gnd | |
| 700 | 1 | |a Haubrichs, Wolfgang |d 1942- |e Gefeierter |4 hnr |0 (DE-603)141988878 |0 (DE-588)107050161 |2 gnd | |
| 856 | 4 | 2 | |m V:DE-603;B:DE-17 |q application/pdf |u http://scans.hebis.de/HEBCGI/show.pl?19082304_toc.pdf |3 Inhaltsverzeichnis |
| 856 | 4 | 2 | |m B:DE-101 |q text/html |u http://deposit.dnb.de/cgi-bin/dokserv?id=3039846&prov=M&dok_var=1&dok_ext=htm |3 Inhaltstext |
| 856 | 4 | 2 | |m V:DE-604 |q application/pdf |u http://scans.hebis.de/HEBCGI/show.pl?19082304_kla.pdf |3 Klappentext |
| 883 | 0 | |8 5\p |q LoC | |
| 924 | 0 | |9 30 |a (DE-603)509220517 |b DE-30 |c HES |d c |g 13.556.80 | |
| 924 | 0 | |9 17 |a (DE-603)564861790 |b DE-17 |c HES |d c |g /GB 1825 H368 |h 3. Obergeschoss | |
| 924 | 0 | |9 43 |a (DE-603)616205082 |b DE-43 |c HES |d c |g 60 11 A 2046 | |
| 924 | 0 | |9 34/22 |a (DE-603)50961325X |b DE-34-22 |c HES |d c |g 25 Ger AM 0198 | |
| 924 | 0 | |9 77/070 |a (DE-603)54170401X |b DE-77-070 |c HES |d d |g 09 D - H 214 | |
| 924 | 0 | |9 603 |a (DE-603)542682346 |b DE-603 |c HES |d d | |
| 924 | 0 | |9 2080 |a (DE-603)791926710 |b DE-2080 |c HES |d d |g / | |
| 924 | 0 | |9 26 |a (DE-603)509362982 |b DE-26 |c HES |d c |g FH Germ S 2 / 35.025 | |
| 924 | 0 | |9 4 |a (DE-603)541641999 |b DE-4 |c HES |d c |g D 2008/0612 | |
| 924 | 0 | |9 4/424 |a (DE-603)509292321 |b DE-4-424 |c HES |d d |g 706 ER 200 H368 | |


